书目信息 |
| 题名: |
语言学与英语翻译研究
|
|
| 作者: | 安玉青 , 李丽辉 , 徐梅玲 著 | |
| 分册: | ||
| 出版信息: | 北京 光明日报出版社 2016 |
|
| 页数: | 288页 | |
| 开本: | 24cm | |
| 丛书名: | ||
| 单 册: | ||
| 中图分类: | H0 , H315.9 | |
| 科图分类: | ||
| 主题词: | 语言学--yu yan xue--研究 , 英语--ying yu--翻译--研究 | |
| 电子资源: | ||
| ISBN: | 978-7-5194-1106-0 | |
| 000 | 00965nam0 22002771 450 | |
| 001 | 0119171301 | |
| 005 | 20170619171301.0 | |
| 010 | @a978-7-5194-1106-0@dCNY64.00 | |
| 100 | @a20170417d2016 em y0chiy50 ea | |
| 101 | 0 | @achi |
| 102 | @aCN@b110000 | |
| 105 | @ay z 000yy | |
| 106 | @ar | |
| 200 | 1 | @a语言学与英语翻译研究@9yu yan xue yu ying yu fan yi yan jiu@f安玉青...(等)著 |
| 210 | @a北京@c光明日报出版社@d2016 | |
| 215 | @a288页@d24cm | |
| 330 | @a本书分为语言学和英语翻译两部分,内容包括:走进语言学、语言的社会功能、语言是符号系统、语音、语法、语汇和语义、文字和书面语、翻译的概念和分类、翻译的标准、翻译的过程、翻译的方法、翻译的选择等。 | |
| 606 | 0 | @a语言学@9yu yan xue@x研究 |
| 606 | 0 | @a英语@9ying yu@x翻译@x研究 |
| 690 | @aH0@v5 | |
| 690 | @aH315.9@v5 | |
| 701 | 0 | @a安玉青@9an yu qing@4著 |
| 701 | 0 | @a李丽辉@9li li hui@4著 |
| 701 | 0 | @a徐梅玲@9xu mei ling@4著 |
| 801 | 0 | @aCN@b百万庄@c20170616 |
| 905 | @b1012221-6@dH0@e243@f6 | |
| 语言学与英语翻译研究/安玉青...(等)著.-北京:光明日报出版社,2016 |
| 288页;24cm |
| ISBN 978-7-5194-1106-0:CNY64.00 |
| 本书分为语言学和英语翻译两部分,内容包括:走进语言学、语言的社会功能、语言是符号系统、语音、语法、语汇和语义、文字和书面语、翻译的概念和分类、翻译的标准、翻译的过程、翻译的方法、翻译的选择等。 |
| ● |
| 相关链接 |
|
|
|
|
正题名:语言学与英语翻译研究
索取号:H0/243
 
预约/预借
| 序号 | 登录号 | 条形码 | 馆藏地/架位号 | 状态 | 备注 |
| 1 | 1012221 | 210122213 | 第二样本阅览室/ [索取号:H0/243] | 在馆 | |
| 2 | 1012222 | 210122222 | 教育系资料室/ [索取号:H0/243] | 在馆 | |
| 3 | 1012223 | 210122231 | 教育系资料室/ [索取号:H0/243] | 在馆 | |
| 4 | 1012224 | 210122240 | 教育系资料室/ [索取号:H0/243] | 在馆 | |
| 5 | 1012225 | 210122259 | 第四借阅区/ [索取号:H0/243] | 在馆 | |
| 6 | 1012226 | 210122268 | 第四借阅区/ [索取号:H0/243] | 在馆 |